Acteurs et actrices des années 2010 par images - Statistiques

Statistiques générales
  • Ce quiz a été pris 668 fois
  • Le résultat moyen est 10 sur 20
Statistiques - réponses
Par images Réponse % Correct
Omar Sy
99%
Pierre Niney
96%
Margot Robbie
91%
Ryan Gosling
84%
Emma Stone
78%
Jennifer Lawrence
68%
Ryan Reynolds
68%
Andrew Garfield
66%
Bradley Cooper
63%
Léa Seydoux
59%
Marina Foïs
52%
Jessica Chastain
31%
Matthew McConaughey
31%
Bérénice Bejo
29%
Albert Dupontel
27%
Christoph Waltz
23%
Viola Davis
22%
Amy Adams
21%
Olivia Colman
17%
Mahershala Ali
15%
Aucun quiz correspondant
Distribution des résultats
% des personnes avec chaque résultat
Percentile par nombre de réponses
Votre historique - résultats
Vous n’avez pas pris ce quiz